| 000 | 00677nam a22002417a 4500 | ||
|---|---|---|---|
| 003 | UA-OsUOA | ||
| 001 | 26100 | ||
| 007 | ta | ||
| 008 | 20040512b un ||||| |||| 00| 0 ukr d | ||
| 090 |
_a398.81(477) _bА11 |
||
| 942 | _cBK | ||
| 040 |
_aUA-OsUOA _bukr _cUA-OsUOA _dUA-OsUOA |
||
| 245 |
_aА ми тую червону калину підіймемо _bЗбірник повстанських пісень _cУпор. Б.Берекета Ю.Хлопук |
||
| 300 | _a114 с. | ||
| 955 | _a0 | ||
| 041 | _aukr | ||
| 080 | _a398.81(477) | ||
| 020 | _a5-7707-2327-0 | ||
| 260 |
_aЛуцьк _bВімпекс _c1992 |
||
| 044 | _aUA | ||
| 650 | 7 | _2UDC | |
| 999 |
_c312411 _d312411 |
||